| 000 | 01100cam a2200337 a 4500 | ||
|---|---|---|---|
| 003 | CO-BoRNBP | ||
| 005 | 20230511202909.0 | ||
| 007 | ta | ||
| 008 | 040522s2003 mx a jr 00011dspa d | ||
| 020 | _a9681667255 | ||
| 040 |
_ala _cla |
||
| 041 | 1 |
_aspa _hfre |
|
| 043 | _ae-fr--- | ||
| 082 | 0 | 4 |
_aI843.91 _bM87s1 _219 ed. |
| 100 | 1 |
_aMurail, Marie Aude, _d1954- _91970 |
|
| 245 | 1 | 0 |
_aSin azc͠ar : _bgracias / _cMarie-Aude Murail ; ilustraciones de Tania Janco ; traduccin̤ de Patricia Gutiřrez-Otero. |
| 250 | _a1a. edición | ||
| 300 |
_a101 p. : _bil. ; _c19 cm. |
||
| 336 |
_2rdacontent _atexto _btxt |
||
| 337 |
_2rdamedia _asin mediación _bn |
||
| 338 |
_2rdacarrier _avolumen _bnc |
||
| 534 | _tSans sucre, merci. | ||
| 650 |
_aNovela juvenil francesa. _2LEMB _91971 |
||
| 650 |
_aFamilia _v Novela juvenil. _2LEMB _91972 |
||
| 650 | 6 |
_aMoneda _v Novela juvenil. _2LEMB _91973 |
|
| 650 |
_aProblemas familiares _v Novela juvenil. _2LEMB _91974 |
||
| 700 | 1 |
_aJanco, Tania, _eil. _9317 |
|
| 700 | 1 |
_aGutiřrez-Otero, Patricia, _etr. _91975 |
|
| 942 |
_2ddc _cBK |
||
| 949 |
_an _bn |
||
| 999 |
_c9532 _d9532 |
||